01060 2200349 4500001002100000005001500021035002000036007000300056040001600059100003000075245007400105250001200179300004400191020002200235041000800257082000800265084001400273090002200287264004000309336002100349337003000370338002300400850001000423008004100433700004500474700004000519260005400559650002400613504002900637990002200666990002200688INLIS00000000000763120260601090023 a0010-0922000120ta aSBUPADbind0 aRosihan AsmaraePengarang1 aStrategi Peningkatan Daya Saing Komoditas Pertanian /cRosihan Asmara a.-Cet.1 axxviii, 225 hlm :billus, ;c23 x 15 cm a978-602-1223-22-207aind a630 a630 ROS s a630.7 KAR t L18-6 a.--Malang :bGunung Samudera,c2014 2rdacontentateks 2rdamediaatanpa perantara 2rdacarrieravolume aPUPAD260601 0 0 aPengarang ke-2, Nuhfil HananiePengarang0 aPengarang ke-3, FahriyahePengarang a--New York :bMcGraw-Hill Higher Education,c2003 4aTeknologi Pertanian aBibliografi ,hlm 224-225 a28.661/B/DPK/2018 a28.662/B/DPK/2018